Stranger Things Trivia - Extreme - Statistics

General Stats
  • This quiz has been taken 230 times
  • The average score is 4 of 12
Answer Stats
Question Answer % Correct
In Mike's theory, who is revealed to have cast the distant illusion that saved Eleven from Dr. Kay? Kali
95%
Holly's role was recast for Season 5 to which actress? Nell Fisher
69%
In what state the "Nina Project" silo is located? Nevada
68%
What specific Dungeons & Dragons spell does the party use in their very first scene? Fireball
49%
In the stage play Stranger Things: The First Shadow, how many hours did Henry Creel go missing in the Nevada caves? 12
48%
What is the runtime of the longest episode ("The Piggyback")? 142 Minutes
18%
In the episode "The Massacre at Hawkins Lab," what is the exact date shown on the security camera footage? (MM/DD/YYYY) September 8, 1979
8%
Which twin actresses played the role of Holly Wheeler in Season 1-3? Anniston and Tinsley Price
7%
What is the license plate number of Billy Hargrove’s Camaro? PCE235
7%
What specific 1982 fantasy film poster in Mike’s room is thought to be a foreshadowing of the Abyss/Mind Flayer’s design? The Dark Crystal
7%
What is the specific remix of the Journey song, Separate Ways (Worlds Apart) used in Season 4, Episode 8? Bryce Miller/Alloy Tracks Remix
3%
What building is used as the exterior for the Hawkins National Laboratory? Georgia Mental Health Institute
2%
No matching quizzes found
Score Distribution
Percent of People with Each Score
Percentile by Number Answered
Your Score History
You have not taken this quiz